Del hogar a la fábrica: trabajadoras de las empresas transnacionales en Yucatán, México /
En el presente, se analiza la relación que se teje entre el mundo productivo y el reproductivo de las mujeres trabajadoras rurales de maquiladoras de exportación en Yucatán, México; bajo el marco de la heterogeneidad del mercado de trabajo, de la contracción de empleo acentuada en Yucatán y de los c...
Furkejuvvon:
| Váldodahkki: | |
|---|---|
| Eará dahkkit: | |
| Materiálatiipa: | Texto |
| Fáttát: | |
| Fáddágilkorat: |
Lasit fáddágilkoriid
Eai fáddágilkorat, Lasit vuosttaš fáddágilkora!
|
MARC
| LEADER | 00000 a a2200000 04500 | ||
|---|---|---|---|
| 001 | 40798 | ||
| 003 | |||
| 040 | |||
| 100 | |a Castilla Ramos, Beatriz | ||
| 245 | |a Del hogar a la fábrica: |b trabajadoras de las empresas transnacionales en Yucatán, México / |c Beatriz Castilla Ramos ; Beatriz Torres Góngora | ||
| 520 | |a En el presente, se analiza la relación que se teje entre el mundo productivo y el reproductivo de las mujeres trabajadoras rurales de maquiladoras de exportación en Yucatán, México; bajo el marco de la heterogeneidad del mercado de trabajo, de la contracción de empleo acentuada en Yucatán y de los conflictos que se generan entre el mundo laboral y sus hogares. Con la finalidad de vislumbrar los arreglos familiares que determinan su permanencia en el espacio laboral formal y las situaciones que atraviesan al renunciar o ser despedidas. | ||
| 590 | |a SJB/MAYO2011 | ||
| 650 | |a 1.INDUSTRIA TEXTIL | ||
| 650 | |a 2.MUJERES | ||
| 650 | |a 3.EMPLEO | ||
| 650 | |a 4.FAMILIA | ||
| 650 | |a 5.ZONAS RURALES | ||
| 650 | |a 6.EMPRESAS TRANSNACIONALES | ||
| 650 | |a 7.INDUSTRIALIZACION | ||
| 650 | |a 8.MEXICO | ||
| 700 | |a Torres Góngora, Beatriz | ||
| 773 | |g número55 ( , 2009), páginas 31-52 : tablas, mapas | ||
| 999 | |c 37471 |d 37471 | ||
